Myths of gender : (Record no. 925)

MARC details
000 -LEADER
fixed length control field 00692nam a2200241 a 4500
005 - DATE AND TIME OF LATEST TRANSACTION
control field 20260322212039.0
008 - FIXED-LENGTH DATA ELEMENTS--GENERAL INFORMATION
fixed length control field data
010 ## - LIBRARY OF CONGRESS CONTROL NUMBER
LC control number 92-53170
020 ## - INTERNATIONAL STANDARD BOOK NUMBER
International Standard Book Number 0465047912
020 ## - INTERNATIONAL STANDARD BOOK NUMBER
International Standard Book Number 978-0-465-04791-8
090 ## - LOCALLY ASSIGNED LC-TYPE CALL NUMBER (OCLC); LOCAL CALL NUMBER (RLIN)
Classification number (OCLC) (R) ; Classification number, CALL (RLIN) (NR) QP 81.5 F38 1992
001 - CONTROL NUMBER
control field data
100 1# - MAIN ENTRY--PERSONAL NAME
Personal name Fausto-Sterling, Anne,
Dates associated with a name 1944-
245 10 - TITLE STATEMENT
Title Myths of gender :
Remainder of title biological theories about women and men /
Statement of responsibility, etc. Anne Fausto-Sterling.
260 ## - PUBLICATION, DISTRIBUTION, ETC.
Place of publication, distribution, etc. New York
Name of publisher, distributor, etc. Basic Books
Date of publication, distribution, etc. c1992
300 ## - PHYSICAL DESCRIPTION
Extent x, 310 p. :
Other physical details illus.
500 ## - GENERAL NOTE
General note Includes bibloigraphical references (p. 273-295) and index.
650 02 - SUBJECT ADDED ENTRY--TOPICAL TERM
Topical term or geographic name entry element Feminism
650 #4 - SUBJECT ADDED ENTRY--TOPICAL TERM
Topical term or geographic name entry element Human biology
General subdivision psychology
650 02 - SUBJECT ADDED ENTRY--TOPICAL TERM
Topical term or geographic name entry element Prejudice
650 02 - SUBJECT ADDED ENTRY--TOPICAL TERM
Topical term or geographic name entry element Sex Characteristics
650 02 - SUBJECT ADDED ENTRY--TOPICAL TERM
Topical term or geographic name entry element Prejudice
Holdings
Withdrawn status Lost status Damaged status Not for loan Home library Current library Shelving location Date acquired Total checkouts Full call number Barcode Date last seen Price effective from Koha item type
        Riverside Riverside General stacks 22/03/2026   GEN BC0010956 22/03/2026 22/03/2026 Books